[Event "POL-ch U17 Girls Qual"]
[Site "Jastrzebia Gora"]
[Date "2021.11.15"]
[Round "1"]
[White "Wojtas, Julia"]
[Black "Pacho, Maria"]
[Result "1/2-1/2"]
[WhiteElo "1443"]
[BlackElo "1279"]
[PlyCount "73"]
[EventDate "2021.11.15"]
[EventType "swiss"]
[EventRounds "9"]
[EventCountry "POL"]
[SourceTitle "EXT 2023"]
[Source "ChessBase"]
[SourceDate "2022.10.05"]
[SourceVersion "1"]
[SourceVersionDate "2022.10.05"]
[SourceQuality "1"]

1. e4 c5 2. Nf3 Nc6 3. d4 cxd4 4. Nxd4 d6 5. Nc3 Bd7 6. Be3 Nf6 7. f3 a6 8. a4 e6 9. Be2 Be7 10. 0-0 0-0 11. Kh1 Qc7 12. Nxc6 Bxc6 13. a5 Nd7 14. f4 Bf6 15. Bd3 Bxc3 16. bxc3 Nf6 17. Bb6 Qe7 18. e5 dxe5 19. fxe5 Nd5 20. Qh5 g6 21. Qh6 Nxb6 22. axb6 f5 23. exf6 Rxf6 24. Rxf6 Qxf6 25. Rf1 Qg7 26. Qe3 Re8 27. Bc4 Qd7 28. Qe5 Qe7 29. Qc7 Qg5 30. Qf7+ Kh8 31. Qf2 Qg4 32. Bb3 Qg5 33. h4 Qg4 34. Qf6+ Kg8 35. Rf2 a5 36. Qf7+ Kh8 37. Qf6+ 1/2-1/2